[Event "BL 1617 SG Solingen - SP Schwegenheim"]
[Site "?"]
[Date "2017.05.01"]
[Round "15.1"]
[White "Horvath, Adam"]
[Black "Rapport, Richard"]
[Result "1/2-1/2"]
[WhiteElo "2468"]
[BlackElo "2696"]
[PlyCount "98"]
[EventDate "2017.??.??"]

1. e4 g6 2. d4 Bg7 3. Nc3 d6 4. Be3 a6 5. h4 h6 6. Qd2 b5 7. f3 Nd7 8. O-O-O e6
9. Kb1 Nb6 10. Bd3 Nf6 11. e5 Nfd5 12. Nxd5 exd5 13. f4 Bg4 14. Re1 Nc4 15. Qf2
Qd7 16. h5 dxe5 17. dxe5 Bxh5 18. f5 Bg4 19. e6 fxe6 20. fxe6 Bxe6 21. Bxg6+
Ke7 22. Bc5+ Kd8 23. Nf3 Rg8 24. g4 Bxg4 25. Nd4 Be5 26. Rxh6 Kc8 27. Rh7 Rg7
28. Be8 Rxh7 29. Bxd7+ Bxd7 30. Qg2 Kb7 31. b3 Bxd4 32. Bxd4 Nd6 33. Qxd5+ Bc6
34. Qc5 a5 35. Re6 Ra6 36. Kb2 a4 37. Re2 Rf7 38. Qb4 Rf1 39. Bc5 Rd1 40. Re7
Nc8 41. Rg7 Rd7 42. Rxd7 Bxd7 43. c4 axb3 44. axb3 Nd6 45. Bg1 Kc8 46. c5 Ne8
47. Qe4 Bc6 48. Qe7 Kb7 49. Bd4 Ra8 1/2-1/2

[Event "BL 1617 SG Solingen - SP Schwegenheim"]
[Site "?"]
[Date "2017.05.01"]
[Round "15.3"]
[White "Nemeth, Miklos"]
[Black "Predojevic, Borki"]
[Result "1/2-1/2"]
[WhiteElo "2449"]
[BlackElo "2616"]
[PlyCount "40"]
[EventDate "2017.??.??"]

1. e4 c5 2. Nf3 Nc6 3. d4 cxd4 4. Nxd4 e6 5. Nc3 Qc7 6. Be2 a6 7. O-O Nf6 8.
Be3 Be7 9. f4 d6 10. Qe1 O-O 11. Qg3 Nxd4 12. Bxd4 b5 13. a3 Bb7 14. Kh1 Rad8
15. Rae1 Rd7 16. Bd3 Re8 17. a4 b4 18. Na2 a5 19. c3 b3 20. Nc1 Bc6 1/2-1/2

[Event "BL 1617 SG Solingen - SP Schwegenheim"]
[Site "?"]
[Date "2017.05.01"]
[Round "15.4"]
[White "Smeets, Jan"]
[Black "Kovacs, Gabor"]
[Result "1-0"]
[WhiteElo "2603"]
[BlackElo "2464"]
[PlyCount "91"]
[EventDate "2017.??.??"]

1. e4 e5 2. Nf3 Nf6 3. Nxe5 d6 4. Nf3 Nxe4 5. Nc3 Nf6 6. d4 Be7 7. Bd3 O-O 8.
O-O Bg4 9. h3 Bh5 10. d5 Nbd7 11. g4 Bg6 12. g5 Bxd3 13. gxf6 Bxf1 14. fxe7
Qxe7 15. Qxf1 Ne5 16. Nxe5 Qxe5 17. Be3 Qf5 18. Rc1 Rfe8 19. Qg2 Kf8 20. Kh1
Qg6 21. Qf3 Re5 22. Rg1 Qh5 23. Rg4 Rae8 24. Kg2 R8e7 25. Ne2 Qf5 26. Qxf5 Rxf5
27. c4 h5 28. Rd4 Rfe5 29. Ng3 a6 30. Bd2 Re8 31. Bc3 g6 32. a4 R5e7 33. h4 Re5
34. Kf3 f5 35. Rd1 R5e7 36. a5 Kf7 37. Bd2 Re5 38. Bc3 R5e7 39. Bd2 Re5 40. Be3
R5e7 41. Kf4 Re5 42. Rd3 R8e7 43. Bd2 g5+ 44. Kxg5 f4+ 45. Kxf4 Kg6 46. Kf3 1-0

[Event "BL 1617 SG Solingen - SP Schwegenheim"]
[Site "?"]
[Date "2017.05.01"]
[Round "15.5"]
[White "Commercon, Simon"]
[Black "L'Ami, Erwin"]
[Result "0-1"]
[WhiteElo "2285"]
[BlackElo "2614"]
[PlyCount "98"]
[EventDate "2017.??.??"]

1. d4 f5 2. g3 Nf6 3. Bg2 e6 4. Nf3 d5 5. O-O Bd6 6. b3 O-O 7. Ba3 b6 8. Bxd6
cxd6 9. c4 Bb7 10. Nc3 Ne4 11. Rc1 Nd7 12. cxd5 Nxc3 13. Rxc3 Bxd5 14. Qc2 Nf6
15. Qb2 b5 16. Ne1 Qb6 17. Rc1 a5 18. Bxd5 Nxd5 19. Ng2 b4 20. Nf4 Nxf4 21.
gxf4 Rac8 22. Qd2 Qb5 23. Qe3 Qd5 24. f3 h6 25. Kh1 Kh7 26. Qd3 Qb7 27. Rfd1
Rxc1 28. Rxc1 Rc8 29. Rxc8 Qxc8 30. d5 Qc1+ 31. Kg2 Qxf4 32. dxe6 Qe5 33. Qc4
Kg6 34. Kf1 Kf6 35. Qc8 d5 36. Qd7 Qxe6 37. Qd8+ Kg6 38. Qxa5 Qd6 39. Qb5 Kh5
40. Qe8+ g6 41. Qb5 Kh4 42. Kg2 d4 43. Qe8 Qf6 44. Qb8 Qg5+ 45. Kf1 Kh3 46.
Qxb4 Kxh2 47. Qd6+ Kh1 48. Qxd4 Qc1+ 49. Kf2 Qg1# 0-1

[Event "BL 1617 SG Solingen - SP Schwegenheim"]
[Site "?"]
[Date "2017.05.01"]
[Round "15.7"]
[White "Flierl, Pascal"]
[Black "Handke, Florian"]
[Result "0-1"]
[WhiteElo "2216"]
[BlackElo "2532"]
[PlyCount "90"]
[EventDate "2017.??.??"]

1. e4 c5 2. Nc3 Nc6 3. f4 g6 4. Nf3 Bg7 5. Bb5 Nd4 6. O-O a6 7. Bd3 d6 8. Nxd4
cxd4 9. Ne2 Nf6 10. c3 dxc3 11. dxc3 O-O 12. Qe1 Nd7 13. Be3 b5 14. Rd1 Bb7 15.
Qf2 Qc8 16. Ng3 Qc6 17. Be2 Rac8 18. Bf3 Qc7 19. h4 Bc6 20. h5 Qb7 21. Bd4 e5
22. Be3 exf4 23. Bxf4 Ne5 24. Rxd6 b4 25. Rfd1 bxc3 26. bxc3 Rfe8 27. Kh1 Qe7
28. Be2 Ba4 29. R1d4 Bb5 30. Kg1 Rxc3 31. Bxb5 axb5 32. Qd2 Rcc8 33. R4d5 Nc4
34. Qd3 Nxd6 35. Rxd6 Be5 36. Bxe5 Qxe5 37. Rd5 Rc1+ 38. Kf2 Qf4+ 39. Ke2 Qg4+
40. Kf2 Qf4+ 41. Ke2 Ra1 42. Qb3 b4 43. hxg6 hxg6 44. Rd3 Ra8 45. Rd2 Qxd2+ 0-1

[Event "BL 1617 SG Trier - Bayern München"]
[Site "?"]
[Date "2017.05.01"]
[Round "15.1"]
[White "Bezold, Michael"]
[Black "Erdos, Viktor"]
[Result "1/2-1/2"]
[WhiteElo "2500"]
[BlackElo "2593"]
[PlyCount "40"]
[EventDate "2017.??.??"]

1. g3 e5 2. Bg2 Nf6 3. c4 c6 4. Nc3 d5 5. cxd5 cxd5 6. Qb3 Nc6 7. Nxd5 Nd4 8.
Nxf6+ gxf6 9. Qd1 Qc7 10. Kf1 Be6 11. b3 O-O-O 12. d3 Kb8 13. Bb2 Bh6 14. e3
Nf5 15. Qe2 Bd7 16. Nf3 Bb5 17. Ne1 Qb6 18. Rd1 Rhg8 19. Bc1 Nd6 20. Kg1 f5
1/2-1/2

[Event "BL 1617 SG Trier - Bayern München"]
[Site "?"]
[Date "2017.05.01"]
[Round "15.3"]
[White "Gabriel, Christian"]
[Black "Gledura, Benjamin"]
[Result "1/2-1/2"]
[WhiteElo "2512"]
[BlackElo "2592"]
[PlyCount "39"]
[EventDate "2017.??.??"]

1. d4 d5 2. c4 c6 3. Nf3 Nf6 4. Qb3 dxc4 5. Qxc4 Bg4 6. Nbd2 e6 7. g3 Nbd7 8.
Bg2 Be7 9. O-O O-O 10. Qb3 Nd5 11. Nc4 Bxf3 12. Bxf3 b5 13. Na3 Rc8 14. Nc2
N5b6 15. Rd1 a6 16. Nb4 Nd5 17. a3 a5 18. Nxd5 exd5 19. a4 b4 20. Qd3 1/2-1/2

[Event "BL 1617 SG Trier - Bayern München"]
[Site "?"]
[Date "2017.05.01"]
[Round "15.4"]
[White "Bobras, Piotr"]
[Black "Dragnev, Valentin"]
[Result "1/2-1/2"]
[WhiteElo "2522"]
[BlackElo "2515"]
[PlyCount "71"]
[EventDate "2017.??.??"]

1. e4 e5 2. Nf3 Nc6 3. Bb5 a6 4. Ba4 Nf6 5. O-O Be7 6. Re1 b5 7. Bb3 d6 8. c3
O-O 9. h3 Nb8 10. d4 Nbd7 11. Nbd2 c5 12. Nf1 Re8 13. Ng3 Bf8 14. Bg5 h6 15.
Bd2 exd4 16. cxd4 cxd4 17. Nxd4 Bb7 18. a4 Nc5 19. axb5 axb5 20. Rxa8 Bxa8 21.
Nxb5 Nxb3 22. Qxb3 Nxe4 23. Nxe4 Rxe4 24. Rxe4 Bxe4 25. f3 Ba8 26. Nd4 Qe8 27.
Be3 g6 28. Kf2 Qd8 29. Qc3 Bb7 30. b4 Bg7 31. b5 h5 32. Qc4 Qh4+ 33. Kf1 Qe7
34. Kf2 Qh4+ 35. Kf1 Qe7 36. Kf2 1/2-1/2

[Event "BL 1617 SG Trier - Bayern München"]
[Site "?"]
[Date "2017.05.01"]
[Round "15.5"]
[White "Schenk, Andreas"]
[Black "Cyborowski, Lukasz"]
[Result "1/2-1/2"]
[WhiteElo "2453"]
[BlackElo "2532"]
[PlyCount "45"]
[EventDate "2017.??.??"]

1. d4 Nf6 2. c4 e6 3. Nc3 d5 4. Nf3 c5 5. cxd5 Nxd5 6. e4 Nxc3 7. bxc3 cxd4 8.
cxd4 Bb4+ 9. Bd2 Bxd2+ 10. Qxd2 O-O 11. Bc4 Nd7 12. O-O b6 13. a4 Bb7 14. Rfe1
Nf6 15. Bd3 h6 16. a5 bxa5 17. Rxa5 Qc7 18. Rc5 Qe7 19. h3 Rfc8 20. Ra5 Qc7 21.
Rc5 Qe7 22. Ra5 Qc7 23. Rc5 1/2-1/2

[Event "BL 1617 SG Trier - Bayern München"]
[Site "?"]
[Date "2017.05.01"]
[Round "15.6"]
[White "Jaracz, Pawel"]
[Black "Ribli, Zoltan"]
[Result "1/2-1/2"]
[WhiteElo "2469"]
[BlackElo "2531"]
[PlyCount "40"]
[EventDate "2017.??.??"]

1. e4 c5 2. Nf3 e6 3. d4 cxd4 4. Nxd4 Nc6 5. Nc3 Qc7 6. Be2 a6 7. O-O Nf6 8.
Be3 d6 9. f4 Be7 10. Qe1 O-O 11. Qg3 Nxd4 12. Bxd4 b5 13. a3 Bb7 14. Rae1 Rad8
15. Kh1 Rd7 16. Bf3 Qc4 17. Rd1 Rfd8 18. Be2 Qc7 19. Bf3 Qc4 20. Be2 Qc7
1/2-1/2

[Event "BL 1617 SG Trier - Bayern München"]
[Site "?"]
[Date "2017.05.01"]
[Round "15.8"]
[White "Seger, Ruediger"]
[Black "Meister, Peter"]
[Result "0-1"]
[WhiteElo "2351"]
[BlackElo "2371"]
[PlyCount "90"]
[EventDate "2017.??.??"]

1. e4 g6 2. d4 Bg7 3. Nf3 d6 4. c3 Nf6 5. Bd3 O-O 6. O-O Nc6 7. Re1 e5 8. h3 h6
9. dxe5 dxe5 10. Qc2 Nh5 11. a4 Qf6 12. Nbd2 Nf4 13. Bf1 g5 14. Nh2 h5 15. Nc4
Qg6 16. b3 f5 17. Bxf4 exf4 18. Bd3 g4 19. exf5 Bxf5 20. Bxf5 Rxf5 21. Kh1 Raf8
22. Rac1 Qf6 23. Qe2 Qh4 24. Qf1 gxh3 25. gxh3 f3 26. Nd2 Ne5 27. Re4 Qg5 28.
Nc4 Nd3 29. Rc2 Qg2+ 30. Qxg2 fxg2+ 31. Kxg2 Rxf2+ 32. Rxf2 Rxf2+ 33. Kg3 Rc2
34. Nf3 Rxc3 35. Ncd2 Ne5 36. b4 Kf7 37. Kf4 Nxf3 38. Nxf3 Kf6 39. h4 Bf8 40.
Rd4 Bh6+ 41. Kg3 a6 42. b5 axb5 43. axb5 Be3 44. Re4 Rb3 45. Re8 Bc5 0-1

[Event "BL 1617 DJK Aachen - MSA Zugzwang"]
[Site "?"]
[Date "2017.05.01"]
[Round "15.1"]
[White "Bromberger, Stefan"]
[Black "Granda Zuniga, Julio Ernesto"]
[Result "1-0"]
[WhiteElo "2510"]
[BlackElo "2658"]
[PlyCount "85"]
[EventDate "2017.??.??"]

1. d4 Nf6 2. c4 e6 3. Nc3 Bb4 4. e3 O-O 5. Nge2 d5 6. a3 Be7 7. cxd5 exd5 8.
Nf4 c6 9. Bd3 Re8 10. O-O Nbd7 11. b4 Nb6 12. Qb3 Bd6 13. f3 Bxf4 14. exf4 Nc4
15. Bxc4 dxc4 16. Qxc4 a5 17. Bd2 Be6 18. Qd3 b5 19. d5 axb4 20. axb4 Bxd5 21.
Rxa8 Qxa8 22. Re1 Qa7+ 23. Be3 Qa3 24. Rb1 Ba2 25. Ra1 Nd5 26. Bd4 Nxb4 27. Qd2
Qb3 28. Bc5 h6 29. Ne4 Nd3 30. Bd6 Bb1 31. h3 Qc2 32. Qe3 Kh8 33. Ng5 Qc1+ 34.
Qxc1 Nxc1 35. Nxf7+ Kg8 36. Ne5 Ne2+ 37. Kf2 Nxf4 38. Rxb1 Rxe5 39. Bxe5 Nd3+
40. Ke3 Nxe5 41. Kd4 Nd7 42. Rc1 c5+ 43. Kd5 1-0

[Event "BL 1617 DJK Aachen - MSA Zugzwang"]
[Site "?"]
[Date "2017.05.01"]
[Round "15.2"]
[White "van Foreest, Jorden"]
[Black "Kindermann, Stefan"]
[Result "1/2-1/2"]
[WhiteElo "2584"]
[BlackElo "2509"]
[PlyCount "146"]
[EventDate "2017.??.??"]

1. e4 e6 2. d4 d5 3. Nc3 Bb4 4. e5 c5 5. a3 Bxc3+ 6. bxc3 Qa5 7. Bd2 Qa4 8. Qg4
Kf8 9. Nf3 Ne7 10. Be2 b6 11. c4 Ba6 12. dxc5 Bxc4 13. O-O Nbc6 14. Bd3 b5 15.
Qh5 Bxd3 16. cxd3 Qc2 17. d4 Qg6 18. Qxg6 hxg6 19. Rfb1 Rb8 20. Rb3 Nc8 21.
Rab1 a6 22. h4 Ke7 23. g3 N8a7 24. Kf1 Rb7 25. Ke2 Rhb8 26. Kd3 a5 27. R3b2 b4
28. a4 Rf8 29. Bf4 Nc8 30. Rh1 Ke8 31. Re1 N8e7 32. Nd2 Kd7 33. Nb3 Nf5 34.
Rbe2 Rh8 35. Bd2 Rbb8 36. Rg1 Rbf8 37. f4 Rh7 38. Be1 Rfh8 39. Rh2 Ke8 40. Bf2
Kd7 41. Nd2 Rb8 42. Rb1 Rhh8 43. Rb3 Rbf8 44. Nf3 Nfe7 45. Rb1 Ke8 46. Rbh1 Kd7
47. Kc2 Ke8 48. Nd2 Kd7 49. Kd3 Ke8 50. Nb3 Kd7 51. g4 f5 52. exf6 gxf6 53. Bg3
f5 54. g5 Rh5 55. Bf2 Re8 56. Kc2 Reh8 57. Nd2 Nd8 58. Nf1 Nec6 59. Ng3 R8h7
60. Kd3 Rh8 61. Ke3 R8h7 62. Kf3 Rh8 63. Nxh5 Rxh5 64. Kg3 Kc7 65. Rb1 Kd7 66.
Bg1 Nb7 67. Rhb2 Kc7 68. Bf2 Kd7 69. Be1 Kc7 70. Kh3 Nbd8 71. Bd2 Nb7 72. Kg3
Nxd4 73. Kh3 Nc6 1/2-1/2

[Event "BL 1617 DJK Aachen - MSA Zugzwang"]
[Site "?"]
[Date "2017.05.01"]
[Round "15.3"]
[White "Mons, Leon"]
[Black "Nijboer, Friso"]
[Result "1/2-1/2"]
[WhiteElo "2479"]
[BlackElo "2535"]
[PlyCount "49"]
[EventDate "2017.??.??"]

1. e4 c5 2. Nc3 Nc6 3. f4 e6 4. Nf3 d5 5. Bb5 Nge7 6. exd5 exd5 7. Qe2 Qd6 8.
d4 cxd4 9. Nxd4 g6 10. Be3 Bg7 11. O-O-O O-O 12. Qf2 Bg4 13. Rde1 Rfe8 14. h3
Bd7 15. Bxc6 bxc6 16. Nb3 Nf5 17. Bc5 Qc7 18. g4 Nd6 19. Bd4 Bxd4 20. Qxd4 Nb5
21. Nxb5 cxb5 22. Nc5 a5 23. Nxd7 Qxd7 24. f5 Qc6 25. fxg6 1/2-1/2

[Event "BL 1617 DJK Aachen - MSA Zugzwang"]
[Site "?"]
[Date "2017.05.01"]
[Round "15.4"]
[White "Hoffmann, Michael"]
[Black "Schramm, Christian"]
[Result "1/2-1/2"]
[WhiteElo "2457"]
[BlackElo "2377"]
[PlyCount "41"]
[EventDate "2017.??.??"]

1. d4 Nf6 2. c4 e6 3. Nc3 Bb4 4. Qc2 O-O 5. Nf3 d5 6. a3 Bxc3+ 7. Qxc3 dxc4 8.
Qxc4 b6 9. Bg5 Ba6 10. Qa4 h6 11. Bh4 Qd7 12. Qc2 Rc8 13. Rd1 Qc6 14. Qxc6 Nxc6
15. Bxf6 gxf6 16. e3 Bb7 17. Rc1 Ne7 18. Be2 c5 19. dxc5 Rxc5 20. Rxc5 bxc5 21.
Kd2 1/2-1/2

[Event "BL 1617 DJK Aachen - MSA Zugzwang"]
[Site "?"]
[Date "2017.05.01"]
[Round "15.7"]
[White "Eichler, Christoph"]
[Black "Braun, Christian"]
[Result "1/2-1/2"]
[WhiteElo "2304"]
[BlackElo "2356"]
[PlyCount "68"]
[EventDate "2017.??.??"]

1. Nf3 Nf6 2. g3 g6 3. Bg2 Bg7 4. O-O O-O 5. c4 c6 6. d4 d6 7. Nc3 Qa5 8. e4
Be6 9. Qb3 b5 10. d5 Bd7 11. cxb5 cxb5 12. e5 Ng4 13. exd6 exd6 14. Ne4 Na6 15.
Bd2 Qb6 16. h3 Rfe8 17. Rae1 Rxe4 18. Rxe4 Nc5 19. Qc2 Nxe4 20. Qxe4 Nf6 21.
Qd4 Rc8 22. Be3 Qb7 23. Qxa7 Qxa7 24. Bxa7 Ra8 25. Bd4 Rxa2 26. Rd1 Ne4 27.
Bxg7 Kxg7 28. Nd4 Nc5 29. b4 Na6 30. Nc6 Rb2 31. Ra1 Nxb4 32. Nxb4 Rxb4 33. Ra6
Bf5 34. Rxd6 Be4 1/2-1/2

[Event "BL 1617 Schwäbisch Hall - SV Griesheim"]
[Site "?"]
[Date "2017.05.01"]
[Round "15.1"]
[White "Georgiadis, Nicolas"]
[Black "Laznicka, Viktor"]
[Result "0-1"]
[WhiteElo "2478"]
[BlackElo "2670"]
[PlyCount "118"]
[EventDate "2017.??.??"]

1. e4 e5 2. Nf3 Nc6 3. Bb5 Nf6 4. d3 Bc5 5. Bxc6 dxc6 6. Nbd2 O-O 7. Nc4 Nd7 8.
O-O Re8 9. Kh1 Bf8 10. a4 c5 11. a5 f6 12. Ng1 Nb8 13. f4 exf4 14. Bxf4 Nc6 15.
b3 Be6 16. Ne2 Qd7 17. Ng3 b5 18. axb6 axb6 19. Qc1 Nd4 20. Qb2 b5 21. Nd2 Bf7
22. Be3 Rad8 23. Nf3 Nc6 24. Nf5 c4 25. bxc4 bxc4 26. Rfd1 Nb4 27. Bd2 c5 28.
Bxb4 cxb4 29. Ng3 c3 30. Qc1 b3 31. cxb3 Bxb3 32. Qxc3 Bxd1 33. Rxd1 Qa4 34.
Qe1 Bd6 35. Ra1 Bxg3 36. Rxa4 Bxe1 37. Nxe1 f5 38. Kg1 fxe4 39. dxe4 Rd2 40.
Kf1 Rb8 41. Ra3 h6 42. h3 Rbb2 43. Rf3 Ra2 44. Rf4 Ra4 45. Rf2 Rxf2+ 46. Kxf2
Rxe4 47. Nf3 Kf7 48. Ng1 Kf6 49. Nf3 Kf5 50. Ng1 Rb4 51. Ne2 Ke4 52. Ng3+ Kd3
53. Kf3 Rb7 54. Nh5 Rf7+ 55. Nf4+ Kd4 56. Kg3 Ke4 57. Ng6 Rf6 58. Nh4 Ke3 59.
Kg4 Kf2 0-1

[Event "BL 1617 Schwäbisch Hall - SV Griesheim"]
[Site "?"]
[Date "2017.05.01"]
[Round "15.3"]
[White "Tazbir, Marcin"]
[Black "Postny, Evgeny"]
[Result "1/2-1/2"]
[WhiteElo "2512"]
[BlackElo "2606"]
[PlyCount "83"]
[EventDate "2017.??.??"]

1. e4 e5 2. Nf3 Nc6 3. Bb5 a6 4. Ba4 Nf6 5. O-O Be7 6. Re1 b5 7. Bb3 d6 8. c3
O-O 9. h3 Na5 10. Bc2 c5 11. d4 Qc7 12. d5 Bd7 13. Nbd2 c4 14. Nf1 Nb7 15. g4
Ne8 16. Ng3 g6 17. Nh2 Ng7 18. f4 exf4 19. Bxf4 f6 20. Nf3 Nd8 21. Kg2 Nf7 22.
Qd2 Ne5 23. Bh6 Rab8 24. Nd4 a5 25. Nge2 Qc8 26. b4 cxb3 27. axb3 Bd8 28. Nf4
Re8 29. Bxg7 Kxg7 30. Nfe6+ Bxe6 31. Nxe6+ Rxe6 32. dxe6 Qxe6 33. Red1 Rc8 34.
Qxd6 Qxd6 35. Rxd6 Rxc3 36. Rxd8 Rxc2+ 37. Kg3 Rc3+ 38. Kg2 Rxb3 39. Rxa5 Rb2+
40. Kg3 Rb3+ 41. Kg2 Rb2+ 42. Kg3 1/2-1/2

[Event "BL 1617 Schwäbisch Hall - SV Griesheim"]
[Site "?"]
[Date "2017.05.01"]
[Round "15.4"]
[White "Cornette, Matthieu"]
[Black "Walter, Stefan"]
[Result "1-0"]
[WhiteElo "2590"]
[BlackElo "2416"]
[PlyCount "95"]
[EventDate "2017.??.??"]

1. e4 e5 2. Nf3 Nc6 3. Bb5 a6 4. Ba4 Nf6 5. O-O Be7 6. d3 b5 7. Bb3 d6 8. a3
O-O 9. Nc3 Bg4 10. Be3 Nd4 11. Bxd4 exd4 12. Nd5 Nd7 13. h3 Bxf3 14. Qxf3 c6
15. Nxe7+ Qxe7 16. Qg3 Rab8 17. f4 a5 18. Qf2 a4 19. Ba2 c5 20. Rae1 Kh8 21. c3
dxc3 22. bxc3 b4 23. cxb4 cxb4 24. axb4 Rxb4 25. Qa7 Qd8 26. Rb1 Rxb1 27. Rxb1
Nc5 28. Bc4 g5 29. Rf1 gxf4 30. Rxf4 Qd7 31. Qa5 Qe7 32. Rf5 f6 33. Qc3 Kg7 34.
Bd5 Qa7 35. d4 Nb3 36. Qg3+ Kh8 37. Qxd6 Qxd4+ 38. Kh2 Qc5 39. Rxf6 Qxd6+ 40.
Rxd6 Rf1 41. Rd8+ Kg7 42. Rg8+ Kh6 43. g4 Nd4 44. Kg2 Rf4 45. Ra8 Kg5 46. Rxa4
Ne2 47. Ra5 Kf6 48. e5+ 1-0

[Event "BL 1617 Schwäbisch Hall - SV Griesheim"]
[Site "?"]
[Date "2017.05.01"]
[Round "15.6"]
[White "Womacka, Mathias"]
[Black "Grimm, Julius"]
[Result "1/2-1/2"]
[WhiteElo "2428"]
[BlackElo "2281"]
[PlyCount "40"]
[EventDate "2017.??.??"]

1. e4 c6 2. d4 d5 3. Nd2 dxe4 4. Nxe4 Bf5 5. Ng3 Bg6 6. h4 h6 7. Nf3 Nd7 8. h5
Bh7 9. Bd3 Bxd3 10. Qxd3 e6 11. Bd2 Ngf6 12. O-O-O Be7 13. Kb1 Rc8 14. Ne4 c5
15. dxc5 Nxc5 16. Nxf6+ Bxf6 17. Qb5+ Qd7 18. Qxd7+ Nxd7 19. Bf4 Nb6 20. Be5
Rc5 1/2-1/2

[Event "BL 1617 USV TU Dresden - SV Hockenheim"]
[Site "?"]
[Date "2017.05.01"]
[Round "15.1"]
[White "Tomashevsky, Evgeny"]
[Black "Nisipeanu, Liviu-Dieter"]
[Result "1/2-1/2"]
[WhiteElo "2701"]
[BlackElo "2684"]
[PlyCount "41"]
[EventDate "2017.??.??"]

1. Nf3 d5 2. g3 Nf6 3. Bg2 e6 4. O-O Be7 5. c4 O-O 6. d4 dxc4 7. Qc2 a6 8. a4
Bd7 9. Qxc4 Bc6 10. Bf4 Nbd7 11. Nc3 Nb6 12. Qd3 Nbd5 13. Nxd5 Bxd5 14. Rfc1
Rc8 15. Bg5 Be4 16. Qb3 Bd5 17. Qd3 Be4 18. Qb3 Bd5 19. Qd3 Be4 20. Qb3 Bd5 21.
Qd3 1/2-1/2

[Event "BL 1617 USV TU Dresden - SV Hockenheim"]
[Site "?"]
[Date "2017.05.01"]
[Round "15.2"]
[White "Maiwald, Jens-Uwe"]
[Black "Buhmann, Rainer"]
[Result "1/2-1/2"]
[WhiteElo "2448"]
[BlackElo "2609"]
[PlyCount "90"]
[EventDate "2017.??.??"]

1. Nf3 d5 2. g3 Nd7 3. Bg2 e5 4. d3 Ngf6 5. O-O c6 6. c4 dxc4 7. dxc4 Be7 8.
Nc3 O-O 9. Qc2 Re8 10. h3 Qc7 11. Rd1 a5 12. b3 Bf8 13. Be3 Nc5 14. a3 h6 15.
Rab1 Be6 16. g4 Bc8 17. Bxc5 Bxc5 18. b4 axb4 19. axb4 Bf8 20. e3 g6 21. Nd2 h5
22. Nde4 Qe7 23. g5 Nh7 24. h4 Bg4 25. Rd2 Red8 26. Rxd8 Rxd8 27. b5 Qe6 28.
bxc6 bxc6 29. Rb6 Qxc4 30. Rxc6 Qxc6 31. Nf6+ Qxf6 32. gxf6 Nxf6 33. Qa2 Be6
34. Qa5 Rc8 35. Bf3 Rc5 36. Qd8 Kg7 37. Ne4 Nxe4 38. Bxe4 Rc4 39. Bf3 Bb4 40.
Bxh5 Rc1+ 41. Kg2 Rc2 42. Qb8 Be7 43. Qxe5+ Bf6 44. Qg3 Rc4 45. Be2 Rxh4
1/2-1/2

[Event "BL 1617 USV TU Dresden - SV Hockenheim"]
[Site "?"]
[Date "2017.05.01"]
[Round "15.3"]
[White "Balogh, Csaba"]
[Black "Vogel, Roven"]
[Result "1/2-1/2"]
[WhiteElo "2633"]
[BlackElo "2462"]
[PlyCount "83"]
[EventDate "2017.??.??"]

1. e4 e5 2. Nf3 Nc6 3. Bb5 Nf6 4. d3 d6 5. O-O Bd7 6. Re1 g6 7. d4 Bg7 8. d5
Ne7 9. Bxd7+ Qxd7 10. c4 O-O 11. Nc3 Nh5 12. Be3 h6 13. Nd2 f5 14. exf5 Nxf5
15. Nde4 Nd4 16. Ne2 Nf5 17. g3 c5 18. Qd3 a6 19. b4 b6 20. Rab1 Nd4 21. Nxd4
cxd4 22. Bd2 Nf6 23. f4 Nxe4 24. Qxe4 exf4 25. Bxf4 g5 26. Bd2 Rf6 27. Rf1 Raf8
28. Rxf6 Rxf6 29. Re1 Qa4 30. Qe8+ Qxe8 31. Rxe8+ Kf7 32. Re2 Kg6 33. Kg2 d3
34. Rf2 Rf5 35. Rxf5 Kxf5 36. Kf3 Bd4 37. g4+ Ke5 38. Be1 Bg1 39. Bc3+ Bd4 40.
Be1 Bg1 41. Bc3+ Bd4 42. Be1 1/2-1/2

[Event "BL 1617 USV TU Dresden - SV Hockenheim"]
[Site "?"]
[Date "2017.05.01"]
[Round "15.4"]
[White "Neef, Maximilian"]
[Black "Wagner, Dennis"]
[Result "1-0"]
[WhiteElo "2438"]
[BlackElo "2577"]
[PlyCount "215"]
[EventDate "2017.??.??"]

1. d4 d5 2. Bf4 c5 3. e3 Nc6 4. c3 Nf6 5. Nd2 e6 6. Ngf3 Bd6 7. Bg3 O-O 8. Bd3
b6 9. Qe2 Bb7 10. Rd1 Re8 11. e4 Be7 12. e5 Nh5 13. a3 a5 14. Nf1 f5 15. exf6
Bxf6 16. Ne3 g6 17. Ng4 Bg7 18. O-O Nxg3 19. hxg3 Qe7 20. Bb5 Rf8 21. Rfe1 Na7
22. Ba4 c4 23. Bc2 b5 24. Qd2 Nc6 25. Ng5 Bc8 26. f4 b4 27. axb4 axb4 28. Ra1
Bd7 29. Ba4 bxc3 30. bxc3 Nd8 31. Bxd7 Rxa1 32. Bxe6+ Nxe6 33. Rxa1 Nxg5 34.
fxg5 Qe4 35. Nh6+ Bxh6 36. gxh6 Re8 37. Rf1 Qe3+ 38. Qxe3 Rxe3 39. Rf3 Rxf3 40.
gxf3 Kf7 41. Kg2 Kf6 42. f4 Kf5 43. Kf3 g5 44. fxg5 Kxg5 45. g4 Kxh6 46. Kf4
Kg6 47. g5 Kh5 48. Ke5 Kxg5 49. Kxd5 h5 50. Ke6 h4 51. d5 h3 52. d6 h2 53. d7
h1=Q 54. d8=Q+ Kg4 55. Qd4+ Kg3 56. Qxc4 Qh6+ 57. Kd7 Qg7+ 58. Kc6 Qg6+ 59. Kb7
Qb1+ 60. Qb4 Qh7+ 61. Kc6 Qh1+ 62. Kb6 Qh6+ 63. Kb5 Qh5+ 64. Qc5 Qe8+ 65. Qc6
Qb8+ 66. Ka6 Qb3 67. c4 Qa3+ 68. Kb5 Qb2+ 69. Kc5 Qf2+ 70. Kd6 Qf6+ 71. Kd7
Qf7+ 72. Kd8 Qf8+ 73. Kc7 Qe7+ 74. Kb6 Qb4+ 75. Qb5 Qd6+ 76. Kb7 Qe7+ 77. Ka6
Qe6+ 78. Ka5 Qe1+ 79. Kb6 Qe3+ 80. c5 Qd4 81. Kb7 Qg7+ 82. Ka6 Qa1+ 83. Qa5
Qf1+ 84. Kb7 Qb1+ 85. Qb6 Qe4+ 86. c6 Kg2 87. Ka7 Qa4+ 88. Kb8 Qf4+ 89. c7 Kh2
90. Qb2+ Kg3 91. Qc3+ Kh2 92. Ka7 Qf2+ 93. Kb7 Qg2+ 94. Qc6 Qb2+ 95. Qb6 Qg2+
96. Ka7 Qg7 97. Qd6+ Kg1 98. Qd1+ Kh2 99. Qe2+ Kg1 100. Kb8 Qg3 101. Qb5 Qf4
102. Kb7 Qf3+ 103. Qc6 Qf7 104. Ka8 Qa2+ 105. Kb8 Qb2+ 106. Qb7 Qe5 107. Ka8
Qa5+ 108. Qa7+ 1-0

[Event "BL 1617 USV TU Dresden - SV Hockenheim"]
[Site "?"]
[Date "2017.05.01"]
[Round "15.5"]
[White "Moiseenko, Alexander"]
[Black "Moehn, Hans"]
[Result "1-0"]
[WhiteElo "2670"]
[BlackElo "2382"]
[PlyCount "93"]
[EventDate "2017.??.??"]

1. d4 Nf6 2. c4 g6 3. Nc3 Bg7 4. e4 d6 5. Bd3 O-O 6. Nge2 a6 7. O-O Nbd7 8. f3
c5 9. Be3 b6 10. Qd2 cxd4 11. Nxd4 Bb7 12. Rfd1 e6 13. Bf1 Re8 14. Nc2 Bf8 15.
Rac1 Qc7 16. Kh1 Rac8 17. Na3 Qb8 18. Bg1 Rcd8 19. Nc2 Ba8 20. Ne3 Ne5 21. Qf2
Ned7 22. b4 Rc8 23. a3 Rc7 24. Qd2 Ne5 25. Bf2 Be7 26. Be2 Nh5 27. Na4 Nd7 28.
Ng4 Rc6 29. Bd4 Rec8 30. Nc3 R6c7 31. Nh6+ Kf8 32. Ng4 Kg8 33. Rf1 Nhf6 34.
Nxf6+ Nxf6 35. Bd3 Nd7 36. f4 Re8 37. Qf2 Bf8 38. Na4 Rb7 39. e5 b5 40. cxb5
axb5 41. Nc3 dxe5 42. fxe5 Nxe5 43. Ne4 Ng4 44. Qh4 f5 45. Qxg4 fxg4 46. Nf6+
Kh8 47. Nxe8+ 1-0

[Event "BL 1617 USV TU Dresden - SV Hockenheim"]
[Site "?"]
[Date "2017.05.01"]
[Round "15.6"]
[White "Tischbierek, Raj"]
[Black "Banusz, Tamas"]
[Result "1/2-1/2"]
[WhiteElo "2450"]
[BlackElo "2613"]
[PlyCount "60"]
[EventDate "2017.??.??"]

1. e4 e5 2. Nc3 Nf6 3. g3 d5 4. exd5 Nxd5 5. Bg2 Nxc3 6. bxc3 Nc6 7. Nf3 Bc5 8.
O-O O-O 9. Re1 Bg4 10. h3 Bh5 11. g4 Bg6 12. d3 f5 13. Be3 Bxe3 14. Rxe3 fxg4
15. hxg4 Rf4 16. Nxe5 Nxe5 17. Rxe5 Qf6 18. Qe2 Rxg4 19. Qxg4 Qxe5 20. Qd4 Qe2
21. Rb1 Rf8 22. Rxb7 Qd1+ 23. Bf1 Qd2 24. Rxc7 Qg5+ 25. Bg2 Qc1+ 26. Kh2 Qh6+
27. Bh3 Bf5 28. Qe3 Qd6+ 29. Qg3 Qh6 30. Qe3 Qd6+ 1/2-1/2